000 00602nam a2200253Ia 4500
005 20260123122735.0
008 008 260114s9999 xx 000 0 eng d
020 _a9781446211885
037 _aEBOOK
040 _aCRL
040 _beng
040 _cCRL
041 _2eng
041 _aeng
084 _qCRL
100 _aPhilip A. Woods
_91105013
245 0 _aDemocratic Leadership in Education
260 _bSAGE
260 _c2012
856 _uhttps://sk.sagepub.com/books/democratic-leadership-in-education
942 _cEBOOK
999 _c1670249
_d1670249